Industrial maintenance reference guide / (Record no. 10061)
[ view plain ]
| 000 -LEADER | |
|---|---|
| fixed length control field | 00692nam a2200193 a 4500 |
| 020 ## - INTERNATIONAL STANDARD BOOK NUMBER | |
| ISBN | 007052162X (hardcover) |
| 020 ## - INTERNATIONAL STANDARD BOOK NUMBER | |
| ISBN | 9780070521629 (hardcover) |
| 100 1# - MAIN ENTRY--AUTHOR NAME | |
| Personal name | Rosaler, Robert. |
| 245 10 - TITLE STATEMENT | |
| Title | Industrial maintenance reference guide / |
| 260 ## - PUBLICATION, DISTRIBUTION, ETC. (IMPRINT) | |
| Place of publication | [S.l.] : |
| Name of publisher | Mcgraw-Hill (Tx), |
| Year of publication | 1987. |
| 300 ## - PHYSICAL DESCRIPTION | |
| Number of Pages | 229 p. ; |
| 490 1# - SERIES STATEMENT | |
| Series statement | Mcgraw-hill engineering reference guide series. |
| 520 ## - SUMMARY, ETC. | |
| Summary, etc | NEW book. |
| 856 40 - ELECTRONIC LOCATION AND ACCESS | |
| Uniform Resource Identifier | http://www.amazon.com/exec/obidos/ASIN/007052162X/chopaconline-20 |
| Withdrawn status | Lost status | Home library | Current library | Date acquired | Full call number | Accession Number | Koha item type |
|---|---|---|---|---|---|---|---|
| Central Library, QUEST, Nawabshah | Central Library, QUEST, Nawabshah | 18/09/2014 | ROS | 16417 | Books | ||
| Central Library, QUEST, Nawabshah | Central Library, QUEST, Nawabshah | 18/09/2014 | ROS | 16418 | Books |